| 000 | 00757nam a2200229 a 4500 | ||
|---|---|---|---|
| 005 | 20220904150039.0 | ||
| 008 | 091021s2006 mx r 000 0 spa d | ||
| 020 | _a8498011566 | ||
| 035 | _aUPN01000173367 | ||
| 049 | _aCG | ||
| 050 | 4 |
_aBL783 _bD3.7 |
|
| 100 | 1 | _aDavidson, Marie-Thérése | |
| 245 | 1 | 0 |
_aTras los pasos de los-- dioses griegos / _cMarie-Thérése Davidson, Daniel Maja ; tr. Pilar Guerrero Jiménez. |
| 260 |
_aBarcelona, Esp. : _bBlume, _c2006. |
||
| 300 |
_a127 p. : _bil. col. |
||
| 440 | 0 | _aTras los pasos... | |
| 534 |
_pTraducción de: _tSur les traces des... dieux grecs |
||
| 650 | 4 |
_aMITOLOGIA GRIEGA - _vLITERATURA JUVENIL _911917 |
|
| 650 | 0 |
_aDioses griegos _99754 |
|
| 700 | 1 |
_aMaja, Daniel, _ecoaut. |
|
| 905 | _aLibro | ||
| 999 |
_c145471 _d145471 |
||